000 00633nam a22001937a 4500
999 _c186262
_d186262
005 20220221100411.0
010 _aENG-131693
020 _a9788195086016
_c300.00
035 _aEN-115225
037 _bDBAD
082 _a155.4182
100 _aGanesan, P.
245 _aChildhood and Growing Up/
_cP. Ganesan, S. Vinothkumar
260 _aViluppuram
_bMasivan Pathippagam
_c2021
270 _a3/199, A. Gudalur (New Street), Ayadur Post, Kandachipuram (TK),
_bViluppuram
_e605755
_meditor@maisvanpathippagam.com
300 _a304p.
_c24cm(pbk)
700 _aVinothkumar, S.
942 _2ddc
_cEN
_h155.4182
_mGAN